Educational psychology. (Record no. 19706)
[ view plain ]
| 000 -LEADER | |
|---|---|
| fixed length control field | 00621cam a22002292 4500 |
| 001 - CONTROL NUMBER | |
| control field | 0000024850 |
| 003 - CONTROL NUMBER IDENTIFIER | |
| control field | OSt |
| 005 - DATE AND TIME OF LATEST TRANSACTION | |
| control field | 20221027095933.0 |
| 008 - FIXED-LENGTH DATA ELEMENTS--GENERAL INFORMATION | |
| fixed length control field | 140319s xx 000 0 eng d |
| 020 ## - INTERNATIONAL STANDARD BOOK NUMBER | |
| International Standard Book Number | 1260571300 |
| 040 ## - CATALOGING SOURCE | |
| Original cataloging agency | KABU |
| Transcribing agency | KABU |
| 050 #0 - LIBRARY OF CONGRESS CALL NUMBER | |
| Classification number | LB1051 |
| Item number | .S26 2021 |
| 100 1# - MAIN ENTRY--PERSONAL NAME | |
| Personal name | Santrock, John W. |
| 245 10 - TITLE STATEMENT | |
| Title | Educational psychology. |
| Statement of responsibility, etc. | John W. Santrock |
| 250 ## - EDITION STATEMENT | |
| Edition statement | 7th ed. |
| 260 ## - PUBLICATION, DISTRIBUTION, ETC. (IMPRINT) | |
| Place of publication, distribution, etc. | New York : |
| Name of publisher, distributor, etc. | McGraw-Hill ., |
| Date of publication, distribution, etc. | 2021 |
| 300 ## - PHYSICAL DESCRIPTION | |
| Extent | 1 vol. (Various pagings) ; |
| 650 #0 - SUBJECT ADDED ENTRY--TOPICAL TERM | |
| Topical term or geographic name as entry element | Educational psychology. |
| 908 ## - PUT COMMAND PARAMETER (RLIN) | |
| Put command parameter | 140319 |
| 942 ## - ADDED ENTRY ELEMENTS (KOHA) | |
| Source of classification or shelving scheme | Library of Congress Classification |
| Koha item type | General Collection |
| Withdrawn status | Lost status | Source of classification or shelving scheme | Not for loan | Home library | Current library | Date acquired | Cost, normal purchase price | Total Checkouts | Full call number | Barcode | Date last seen | Date last checked out | Price effective from | Koha item type |
|---|---|---|---|---|---|---|---|---|---|---|---|---|---|---|
| Library of Congress Classification | Kabarak, Main Campus | Kabarak, Main Campus | 27/10/2022 | 4472.00 | 2 | LB1051 .S26 2021 c.1 | 032428 | 25/07/2025 | 16/07/2025 | 27/10/2022 | General Collection |